Conservación urbana y edilicia en Nicaragua 1989-1995

Bibliographic Details
Main Author: Instituto Nicaragüense de Cultura.
Format: Section = Libro
Language:Undetermined
Spanish
Published: Managua Patrimonio Cultural 1995
Subjects:
LEADER 00652nam a2200205Ia 4500
008 240829s9999 xx 000 0 und d
040 |a BIBLIOTECA-RUSB/ Res 711.4 I59 
041 |a spa 
082 |a Res 711.4 I59 
100 1 |a Instituto Nicaragüense de Cultura.  
245 1 0 |a Conservación urbana y edilicia en Nicaragua 1989-1995 
260 |a Managua  |b Patrimonio Cultural  |c 1995 
300 |a 97 p. :il. 
650 7 |a CONSERVACION URBANA - NICARAGUA 
650 7 |b  REHABILITACION URBANA - SUBTIAVA 
650 7 |c  CONSERVACION CENTRO HISTORICO - MASAYA 
650 7 |d  REVITALIZACION - CATEDRAL - LEON 
942 |c BK  |2 ddc 
991 |a TEXTO 
999 |c 6753